00633nam a2200217Ia 4500003000900000008004100009040001300050040001300063041000800076100001200084100000800096245003500104250001200139260002100151260000900172300001000181490000600191942000700197999001700204952019400221IT-RoPAU120407s9999 xx 000 0 und d aIT-RoPAU cIT-RoPAU aita aTommaso csan aLa Somma Teologica 35 volumi aBologna aEdiz. Domenicani c1987 c21 cm v1 cBK c18540d18540 00102ddc40623_180000000000000_1971aPAULUSbPAULUSd2012-04-11l0o23.18.19r2012-04-11 00:00:00w2012-04-11yBKzInserito da: Sergio In data: 17 ottobre 2011 fondo: Fanella Progr:21823